000 01325nam a2200277 a 4500
001 000024532
005 20240417133449.0
008 110131s1993 dr acd 001 0 spa d
040 _aDO-SdBNP
_bspa
_cBNPD
082 _a324.204
_bN322o
100 1 _aNavarro Tavares, Luisa
_950276
245 1 0 _aOrigen y evolución del concepto de partido /
_cLuisa Navarro Tavares.
260 _aSanto Domingo :
_bUASD,
_c1993.
300 _a120 p. ;
_c22 cm.
490 1 _aPublicaciones de la Universidad Autónoma de Santo Domingo ;
_v739
490 1 _aDerecho y política ;
_v15
500 _aIncluye bibliografría y notas al pie de páginas.
504 _aBibliografía : p. 117-120.
505 0 _gIntroducción --
_tPartidos en Francia --
_tInglaterra: El Partido Popular Moderno --
_tEstados Unidos: los pensadores ingleses y los padres de la nación --
_tDel Partido Nacional al Estado de Partidos en Alemania --
_tAustria: El partido multinacional --
_tEl Partido Obrero Socialista: una lucha por el sufragio --
_gBibliografía.
590 _aInventariado, 2018/BT
650 0 _aPartidos políticos
_93367
650 4 _aCultura política
_950277
830 0 _aPublicaciones de la Universidad Autónoma de Santo Domingo ;
_n739
_950278
830 0 _aDerecho y política ;
_n15
_950279
910 _aValidado. Control de calidad. EMS
999 _c24025
_d24025